Elements Of Prehistory/ (Record no. 192197)

MARC details
000 -LEADER
fixed length control field 00561nam a22001817a 4500
005 - DATE AND TIME OF LATEST TRANSACTION
control field 20220913151329.0
010 ## - LCCN (DPL NO)
LC control number ENG-135060
020 ## - INTERNATIONAL STANDARD BOOK NUMBER
International Standard Book Number 9788170990130
Terms of availability 880.00
035 ## - SYSTEM CONTROL NUMBER
System control number EN-118592
037 ## - SOURCE OF ACQUISITION
Source of stock number/acquisition DBAD/PUB
082 ## - DEWEY DECIMAL CLASSIFICATION NUMBER
Classification number 930.1
100 ## - MAIN ENTRY--PERSONAL NAME
Personal name Reddy, V. Rami
245 ## - TITLE STATEMENT
Title Elements Of Prehistory/
Statement of responsibility, etc V. Rami Reddy
260 ## - PUBLICATION, DISTRIBUTION, ETC. (IMPRINT)
Place of publication, distribution, etc Tirupati
Name of publisher, distributor, etc V. Indira
Date of publication, distribution, etc 2018
270 ## - ADDRESS
Address # 10-20, Sri Saikrishna Nilayam, SVU Teachers' Coop. Building Society, Nalanda Nagar
City Tirupati
Postal code 517502
300 ## - PHYSICAL DESCRIPTION
Extent 159p.
Dimensions 25cm(pbk)
942 ## - ADDED ENTRY ELEMENTS (KOHA)
Source of classification or shelving scheme Dewey Decimal Classification
Item type English Books
Classification part 930.1
Call number suffix RED
Holdings
Withdrawn status Lost status Not for loan Collection code Home library Current library Date acquired Source of acquisition Cost, normal purchase price Full call number Barcode Copy number Cost, replacement price Koha item type
      Non-fiction Shahdara Branch Shahdara Branch 13/09/2022 DBAD/PUB 880.00 930.1 RED EN-118592 1 880.00 English Books

© Delhi Public Library
Hit Counter
free hit counter